[Event "MNT-chT 1st League"]
[Site "Podgorica"]
[Date "2019.07.24"]
[Round "5.1"]
[White "Lajthajm, Borko"]
[Black "Vukcevic, Nemanja"]
[Result "1-0"]
[WhiteElo "2424"]
[BlackElo "2277"]
[PlyCount "85"]
[EventDate "2019.07.20"]
[EventType "team-tourn"]
[EventRounds "9"]
[EventCountry "MNE"]
[SourceTitle "EXT 2020"]
[Source "ChessBase"]
[SourceDate "2019.10.17"]
[SourceVersion "1"]
[SourceVersionDate "2019.10.17"]
[SourceQuality "1"]
[WhiteTeam "Prosvjeta"]
[BlackTeam "Buducnost Omladinac"]
[WhiteTeamCountry "MNE"]
[BlackTeamCountry "MNE"]

1. e4 c5 2. c3 Nf6 3. e5 Nd5 4. Nf3 Nc6 5. Na3 g6 6. Qe2 Bg7 7. Qc4 Nb6 8. Qxc5 0-0 9. d4 d6 10. exd6 exd6 11. Qg5 Re8+ 12. Kd1 Ne7 13. Bb5 Bd7 14. Re1 a6 15. Bxd7 Qxd7 16. h3 Nf5 17. Qd2 Nd5 18. Qd3 b5 19. Nc2 Rac8 20. Bd2 Nb6 21. Rxe8+ Qxe8 22. b3 Qc6 23. Rc1 Qd5 24. Ke2 Nc4 25. Nb4 Qe6+ 26. Kf1 a5 27. Re1 Qd7 28. Nd5 Nxd2+ 29. Nxd2 Qc6 30. Qe4 Bf8 31. Nf3 a4 32. g4 axb3 33. gxf5 bxa2 34. Nf6+ Kg7 35. Qxc6 Rxc6 36. Nd5 gxf5 37. Ra1 Ra6 38. Ne1 Kg6 39. Nc2 f4 40. Ncb4 Ra3 41. Rxa2 Rb3 42. Nxf4+ Kf5 43. Nfd5 1-0

[Event "MNT-chT 1st League"]
[Site "Podgorica"]
[Date "2019.07.21"]
[Round "2.1"]
[White "Vukcevic, Nemanja"]
[Black "Djukic, Nikola"]
[Result "1/2-1/2"]
[WhiteElo "2277"]
[BlackElo "2531"]
[PlyCount "130"]
[EventDate "2019.07.20"]
[EventType "team-tourn"]
[EventRounds "9"]
[EventCountry "MNE"]
[SourceTitle "EXT 2020"]
[Source "ChessBase"]
[SourceDate "2019.10.17"]
[SourceVersion "1"]
[SourceVersionDate "2019.10.17"]
[SourceQuality "1"]
[WhiteTeam "Buducnost Omladinac"]
[BlackTeam "Buducnost"]
[WhiteTeamCountry "MNE"]
[BlackTeamCountry "MNE"]

1. e4 c5 2. Nf3 Nc6 3. d4 cxd4 4. Nxd4 g6 5. Nc3 Bg7 6. Be3 Nf6 7. Bc4 0-0 8. Bb3 Re8 9. f3 e6 10. 0-0 d5 11. exd5 Nxd5 12. Nxd5 exd5 13. Bf2 Qg5 14. Kh1 Qh5 15. Ne2 Bxb2 16. Nf4 Qh6 17. Nxd5 Be6 18. Rb1 Bg7 19. Qc1 Qxc1 20. Rbxc1 Rac8 21. c4 f5 22. Rfe1 Kf7 23. Nf4 Bh6 24. Nxe6 Bxc1 25. c5 Bd2 26. Nc7+ Kf8 27. Rxe8+ Rxe8 28. Nxe8 Kxe8 29. Be6 Kd8 30. g4 f4 31. Bh4+ Ke8 32. Bc8 b6 33. cxb6 axb6 34. Be6 Nd4 35. Bd5 Nc2 36. Kg1 Be3+ 37. Kf1 Nd4 38. a4 Kf8 39. Bd8 Nc2 40. Ke2 Nb4 41. Be4 Kf7 42. h4 Ke8 43. Bf6 Kf7 44. Bc3 Na6 45. Bd5+ Kf8 46. Kd1 Nc5 47. Bc6 Ne6 48. Be5 Bf2 49. h5 gxh5 50. gxh5 Bd4 51. Bd6+ Kg7 52. Kd2 Kh6 53. Kd3 Kxh5 54. Bd5 Bc5 55. Be5 Ng5 56. Bxf4 Kg6 57. Bc7 Nf7 58. Ke4 Kf6 59. f4 Nd6+ 60. Kf3 Ke7 61. a5 bxa5 62. Bxa5 Nf5 63. Be4 Kf6 64. Bc7 Bd6 65. Bb6 h5 1/2-1/2

[Event "MNT-chT"]
[Site "Niksic"]
[Date "2018.08.11"]
[Round "5.3"]
[White "Nikcevic, Nebojsa"]
[Black "Vukcevic, Nemanja"]
[Result "1-0"]
[WhiteElo "2429"]
[BlackElo "2259"]
[PlyCount "75"]
[EventDate "2018.08.07"]
[EventType "team-tourn"]
[EventRounds "9"]
[EventCountry "MNE"]
[SourceTitle "CBM 186 Extra"]
[Source "ChessBase"]
[SourceDate "2018.08.24"]
[SourceVersion "1"]
[SourceVersionDate "2018.08.24"]
[SourceQuality "1"]
[WhiteTeam "Rokada"]
[BlackTeam "Omladinac Buducnost"]
[WhiteTeamCountry "MNE"]
[BlackTeamCountry "MNE"]

1. Nf3 c5 2. c4 Nc6 3. d4 cxd4 4. Nxd4 Nf6 5. Nc3 e6 6. a3 Be7 7. e4 0-0 8. Be2 d6 9. 0-0 a6 10. Be3 Nxd4 11. Qxd4 e5 12. Qd3 Be6 13. Rac1 Rc8 14. Nd5 Nxd5 15. exd5 Bd7 16. b4 g5 17. Qb3 f5 18. f3 f4 19. Ba7 Rf6 20. c5 Bb5 21. Bxb5 axb5 22. Rfd1 g4 23. c6 b6 24. c7 Qe8 25. Re1 Rh6 26. fxg4 Bh4 27. Re4 Bg5 28. Rc2 Rf6 29. Bxb6 f3 30. gxf3 Bf4 31. Be3 Bxe3+ 32. Qxe3 Qf7 33. Qg5+ Kh8 34. Kg2 h6 35. Qh4 Kg7 36. g5 hxg5 37. Rg4 Rxc7 38. Qxg5+ 1-0

[Event "MNT-chT"]
[Site "Niksic"]
[Date "2016.08.12"]
[Round "7.1"]
[White "Blagojevic, Dragisa"]
[Black "Vukcevic, Nemanja"]
[Result "1/2-1/2"]
[WhiteElo "2482"]
[BlackElo "2207"]
[PlyCount "120"]
[EventDate "2016.08.06"]
[EventType "team-tourn"]
[EventRounds "9"]
[EventCountry "MNE"]
[SourceTitle "CBM 173 Extra"]
[Source "ChessBase"]
[SourceDate "2016.08.29"]
[SourceVersion "1"]
[SourceVersionDate "2016.08.29"]
[SourceQuality "1"]

1. d4 Nf6 2. Bg5 e6 3. Nd2 c5 4. e3 cxd4 5. exd4 h6 6. Bh4 Be7 7. Ngf3 b6 8. c3 Bb7 9. Bd3 0-0 10. 0-0 d6 11. Re1 Nbd7 12. a4 a6 13. Nc4 Qc7 14. Ne3 Rfe8 15. Nd2 Bf8 16. Bg3 e5 17. Qb3 Qc6 18. Ndf1 d5 19. Bf5 g6 20. Bh3 Bg7 21. Rad1 Rad8 22. Nd2 Ne4 23. Bxd7 Rxd7 24. Nxe4 dxe4 25. Bxe5 Bxe5 26. dxe5 Rxd1 27. Rxd1 Rxe5 28. Rd8+ Kg7 29. Qd1 Qc5 30. h3 h5 31. Qd2 Re7 32. Rd6 b5 33. axb5 axb5 34. g4 hxg4 35. hxg4 Bc8 36. Rd5 Qb6 37. Rd8 Be6 38. b4 f6 39. Kg2 Qa7 40. Qd6 Qc7 41. g5 Qxd6 42. gxf6+ Kxf6 43. Rxd6 Rd7 44. Rb6 Rd3 45. Ng4+ Kf5 46. Ne3+ Kf6 47. Rxb5 Rxc3 48. Rb8 Rb3 49. b5 Ke7 50. b6 Kd6 51. Kg3 Kc6 52. Kf4 Rxb6 53. Rxb6+ Kxb6 54. Kxe4 Ba2 55. f4 Kc5 56. Ke5 Bb1 57. Ng2 Bc2 58. Nh4 Bb1 59. Kf6 Kd4 60. Nxg6 Ke3 1/2-1/2

[Event "MNT-chT"]
[Site "Niksic"]
[Date "2016.08.10"]
[Round "5.1"]
[White "Perunovic, Milos"]
[Black "Vukcevic, Nemanja"]
[Result "1-0"]
[WhiteElo "2618"]
[BlackElo "2207"]
[PlyCount "71"]
[EventDate "2016.08.06"]
[EventType "team-tourn"]
[EventRounds "9"]
[EventCountry "MNE"]
[SourceTitle "CBM 173 Extra"]
[Source "ChessBase"]
[SourceDate "2016.08.29"]
[SourceVersion "1"]
[SourceVersionDate "2016.08.29"]
[SourceQuality "1"]

1. e4 c5 2. Nf3 d6 3. d4 cxd4 4. Nxd4 Nf6 5. Nc3 a6 6. Be3 e5 7. Nb3 Be6 8. h3 Be7 9. Qf3 b5 10. g4 b4 11. Nd5 Nxd5 12. exd5 Bc8 13. 0-0-0 0-0 14. Bd3 a5 15. Kb1 Na6 16. Nd2 Kh8 17. h4 a4 18. g5 b3 19. a3 bxc2+ 20. Bxc2 Rb8 21. Qe4 g6 22. h5 Bf5 23. Qxa4 Qc8 24. hxg6 fxg6 25. Bxf5 Qxf5+ 26. Qc2 Bxg5 27. Bxg5 Qxg5 28. Rdg1 Qf5 29. Rxg6 Qxc2+ 30. Kxc2 Rxf2 31. Rxd6 Nc5 32. Rdh6 Rb7 33. R1h2 Rxh2 34. Rxh2 Rd7 35. b4 Nb7 36. Ne4 1-0

[Event "MNT-chT"]
[Site "Niksic"]
[Date "2016.08.08"]
[Round "3.1"]
[White "Tadic, Branko"]
[Black "Vukcevic, Nemanja"]
[Result "1-0"]
[WhiteElo "2464"]
[BlackElo "2207"]
[PlyCount "71"]
[EventDate "2016.08.06"]
[EventType "team-tourn"]
[EventRounds "9"]
[EventCountry "MNE"]
[SourceTitle "CBM 173 Extra"]
[Source "ChessBase"]
[SourceDate "2016.08.29"]
[SourceVersion "1"]
[SourceVersionDate "2016.08.29"]
[SourceQuality "1"]

1. c4 c5 2. g3 g6 3. Bg2 Bg7 4. Nc3 Nc6 5. Nf3 d6 6. a3 Nf6 7. Rb1 a5 8. d3 0-0 9. Bg5 h6 10. Bd2 Ne8 11. Qc1 Kh7 12. h4 Bg4 13. Nh2 Bd7 14. h5 g5 15. g4 Nf6 16. Rg1 e5 17. e3 Be6 18. b3 Qd7 19. Be4+ Kh8 20. f3 d5 21. cxd5 Nxd5 22. Na4 b6 23. Bxd5 Qxd5 24. Nxb6 Qxd3 25. Nxa8 Rxa8 26. Kf2 e4 27. fxe4 Ne5 28. Bc3 Qxe4 29. Bxe5 Bxe5 30. Nf3 Bf6 31. Nd2 Qe5 32. Qc2 Qh2+ 33. Rg2 Qh4+ 34. Kg1 Bd5 35. Qf5 Bxg2 36. Kxg2 1-0

[Event "Podgorica Buducnost op 2nd"]
[Site "Podgorica"]
[Date "2016.03.22"]
[Round "4"]
[White "Vukcevic, Nemanja"]
[Black "Scekic, Veljko"]
[Result "1/2-1/2"]
[WhiteElo "2218"]
[BlackElo "2171"]
[PlyCount "123"]
[EventDate "2016.03.19"]
[EventType "swiss"]
[EventRounds "7"]
[EventCountry "MNE"]
[SourceTitle "CBM 171 Extra"]
[Source "ChessBase"]
[SourceDate "2016.04.26"]
[SourceVersion "1"]
[SourceVersionDate "2016.04.26"]
[SourceQuality "1"]

1. e4 e5 2. Nf3 Nc6 3. Bb5 Nf6 4. 0-0 Nxe4 5. d4 Nd6 6. Bxc6 dxc6 7. dxe5 Nf5 8. Qxd8+ Kxd8 9. Rd1+ Ke8 10. h3 Be7 11. Nc3 h6 12. Ne2 Bd7 13. Nf4 Bc5 14. g4 Ne7 15. Nh5 Rh7 16. b3 Be6 17. Bb2 Rd8 18. Rxd8+ Kxd8 19. Rd1+ Ke8 20. Nd2 Ng8 21. Ne4 Be7 22. Nhg3 Bd5 23. Nc3 Be6 24. Nce4 Bd5 25. c4 Bxe4 26. Nxe4 g5 27. Ng3 Bf8 28. Nh5 Bg7 29. Nf6+ Bxf6 30. exf6 h5 31. Bc1 hxg4 32. hxg4 Nxf6 33. Bxg5 Nd7 34. Re1+ Kf8 35. Re7 Nc5 36. Rxc7 Ne6 37. Rc8+ Kg7 38. Be3 Kg6 39. f3 f5 40. Kg2 fxg4 41. fxg4 a6 42. Rb8 Rd7 43. Rh8 Kg7 44. Rh6 Nd4 45. Rh5 Ne6 46. Kf3 Re7 47. Rh2 Kf6 48. Rh5 Kg7 49. g5 b5 50. Kg4 bxc4 51. bxc4 c5 52. Kf5 Kg8 53. Kf6 Re8 54. g6 Nf8 55. Rh3 Re4 56. Bh6 Nd7+ 57. Kf5 Re5+ 58. Kf4 Re6 59. Rd3 Rxg6 60. Rxd7 Rxh6 61. Ke5 Rh4 62. Ke6 1/2-1/2

[Event "Podgorica Buducnost op 1st"]
[Site "Podgorica"]
[Date "2015.03.22"]
[Round "7"]
[White "Karisik, Nenad"]
[Black "Vukcevic, Nemanja"]
[Result "1-0"]
[WhiteElo "2160"]
[BlackElo "2188"]
[PlyCount "101"]
[EventDate "2015.03.16"]
[EventType "swiss"]
[EventRounds "7"]
[EventCountry "MNE"]
[SourceTitle "EXT 2018"]
[Source "ChessBase"]
[SourceDate "2017.10.13"]
[SourceVersion "1"]
[SourceVersionDate "2017.10.13"]
[SourceQuality "1"]

1. Nf3 Nf6 2. g3 g6 3. Bg2 Bg7 4. 0-0 0-0 5. d3 d5 6. Nbd2 c5 7. c3 Nc6 8. e4 e5 9. Qb3 b6 10. exd5 Na5 11. Qc2 Nxd5 12. Nc4 Nc6 13. Re1 Re8 14. a4 Bb7 15. Nfd2 Qd7 16. Ne4 Re6 17. Qb3 h6 18. a5 Nd8 19. a6 Bc6 20. h4 f5 21. Ned2 Nf7 22. Bh3 Nf6 23. Rxe5 Nxe5 24. Nxe5 Qd5 25. Nxc6 c4 26. Qxc4 Rxc6 27. Bg2 Rxc4 28. Bxd5+ Nxd5 29. Nxc4 Rd8 30. Kf1 Kf7 31. Ke2 Ke6 32. d4 Kd7 33. Ne3 Nc7 34. b3 Kc6 35. Bb2 b5 36. Kd3 Kb6 37. c4 Nxa6 38. Nd5+ Kb7 39. Re1 Bf8 40. Re6 Nb8 41. Rxg6 Nc6 42. Rf6 bxc4+ 43. bxc4 a5 44. Rf7+ Kb8 45. Rxf5 a4 46. Rf7 a3 47. Bc3 a2 48. Kc2 Na5 49. Kb2 Nxc4+ 50. Kxa2 Bd6 51. Kb3 1-0

[Event "Podgorica Buducnost op 1st"]
[Site "Podgorica"]
[Date "2015.03.20"]
[Round "5"]
[White "Kalezic, Blazo"]
[Black "Vukcevic, Nemanja"]
[Result "1/2-1/2"]
[WhiteElo "2415"]
[BlackElo "2188"]
[PlyCount "33"]
[EventDate "2015.03.16"]
[EventType "swiss"]
[EventRounds "7"]
[EventCountry "MNE"]
[SourceTitle "EXT 2018"]
[Source "ChessBase"]
[SourceDate "2017.10.13"]
[SourceVersion "1"]
[SourceVersionDate "2017.10.13"]
[SourceQuality "1"]

1. e4 c5 2. Nf3 d6 3. d4 cxd4 4. Nxd4 Nf6 5. Nc3 a6 6. Bg5 e6 7. f4 h6 8. Bh4 Be7 9. Qf3 Qc7 10. 0-0-0 Nbd7 11. Bd3 g5 12. fxg5 Ne5 13. Qe2 Nfg4 14. Nf3 hxg5 15. Bxg5 Bxg5+ 16. Nxg5 Qc5 17. Nh3 1/2-1/2

[Event "Podgorica Buducnost op 1st"]
[Site "Podgorica"]
[Date "2015.03.19"]
[Round "4"]
[White "Vukcevic, Nemanja"]
[Black "Kisic, Bozidar"]
[Result "1-0"]
[WhiteElo "2188"]
[BlackElo "2161"]
[PlyCount "93"]
[EventDate "2015.03.16"]
[EventType "swiss"]
[EventRounds "7"]
[EventCountry "MNE"]
[SourceTitle "EXT 2018"]
[Source "ChessBase"]
[SourceDate "2017.10.13"]
[SourceVersion "1"]
[SourceVersionDate "2017.10.13"]
[SourceQuality "1"]

1. e4 g6 2. d4 Bg7 3. Nc3 d6 4. f4 c6 5. Nf3 b5 6. Bd3 Qb6 7. e5 dxe5 8. dxe5 Nh6 9. Qe2 0-0 10. Be3 Qc7 11. 0-0-0 Qa5 12. h3 b4 13. Nb1 Nf5 14. Bf2 Bh6 15. Qe4 Be6 16. Ng5 Bxg5 17. fxg5 Nd7 18. Rhe1 Qxa2 19. Qxb4 Rab8 20. Qa3 Qxa3 21. Nxa3 Nb6 22. b3 Rb7 23. Ba6 Rc7 24. Rd2 Nd5 25. Bc5 Ng3 26. Bd3 Rb8 27. Be4 Nc3 28. Bf3 Nf5 29. Nb1 Nd5 30. Re4 h6 31. gxh6 Kh7 32. Ra4 Rbb7 33. Rd3 Kxh6 34. Nd2 Kg7 35. Bf2 Nh6 36. Ne4 Nb4 37. Rd8 Nd5 38. Nc5 Rb4 39. Bxd5 Rxa4 40. Bxe6 Ra1+ 41. Kb2 Rf1 42. Bd4 Kh7 43. Bc4 Re1 44. e6 f6 45. Rd7 Rc8 46. Rxe7+ Kg8 47. Bxf6 1-0

[Event "MNT CupT"]
[Site "Niksic"]
[Date "2014.04.26"]
[Round "3.1"]
[White "Vukcevic, Nemanja"]
[Black "Kosic, Dragan"]
[Result "1/2-1/2"]
[WhiteElo "2157"]
[BlackElo "2483"]
[PlyCount "85"]
[EventDate "2014.04.06"]
[EventType "team-swiss"]
[EventRounds "5"]
[EventCountry "MNE"]
[SourceTitle "CBM 160 Extra"]
[Source "ChessBase"]
[SourceDate "2014.07.01"]
[SourceVersion "1"]
[SourceVersionDate "2014.07.01"]
[SourceQuality "1"]

1. e4 e6 2. d4 d5 3. Nc3 Nf6 4. e5 Nfd7 5. f4 c5 6. Nf3 Nc6 7. Be3 Be7 8. dxc5 Bxc5 9. Qd2 0-0 10. 0-0-0 Bxe3 11. Qxe3 Qb6 12. Qxb6 Nxb6 13. Nb5 Bd7 14. g3 Nb4 15. a3 Bxb5 16. Bxb5 Nc6 17. b3 Rac8 18. Kb2 Rc7 19. Rhe1 Rfc8 20. g4 a6 21. Bd3 Nd7 22. f5 Nc5 23. Bf1 b5 24. h3 h6 25. Re3 Ne4 26. Bg2 Nxe5 27. Nd4 Nc6 28. Bxe4 dxe4 29. c3 Nxd4 30. Rxd4 exf5 31. gxf5 Rc5 32. Rdxe4 Rxf5 33. Re8+ Rxe8 34. Rxe8+ Kh7 35. c4 bxc4 36. bxc4 g5 37. Kc3 Rf3+ 38. Kd4 Rxh3 39. c5 Rh1 40. Re3 Rd1+ 41. Rd3 Re1 42. Re3 Rd1+ 43. Rd3 1/2-1/2

[Event "MNT-chT1"]
[Site "Cetinje"]
[Date "2013.09.20"]
[Round "7"]
[White "Popovic, Nenad"]
[Black "Vukcevic, Nemanja"]
[Result "0-1"]
[WhiteElo "2340"]
[BlackElo "2131"]
[PlyCount "128"]
[EventDate "2013.08.30"]
[EventType "team-tourn"]
[EventRounds "9"]
[EventCountry "MNE"]
[SourceTitle "CBM 156 Extra"]
[Source "ChessBase"]
[SourceDate "2013.10.22"]
[SourceVersion "1"]
[SourceVersionDate "2013.10.22"]
[SourceQuality "1"]

1. c4 Nf6 2. Nf3 g6 3. d4 Bg7 4. e3 0-0 5. Bd3 d5 6. Nbd2 c5 7. dxc5 Na6 8. c6 bxc6 9. 0-0 Nc5 10. Be2 a5 11. Nd4 Qb6 12. cxd5 cxd5 13. b3 Nfe4 14. Nxe4 dxe4 15. Ba3 Bb7 16. Rc1 Rac8 17. Bc4 e5 18. Nb5 Rfd8 19. Qg4 Ba6 20. Nc3 Nd3 21. Na4 Qa7 22. Bxa6 f5 23. Bc4+ Rxc4 24. Qg5 Rcc8 25. Rc4 Qa6 26. Bc5 Bf6 27. Qh6 Qb5 28. Nc3 Qa6 29. Na4 Nxc5 30. Nxc5 Qa7 31. Ne6 Rxc4 32. bxc4 Re8 33. Ng5 Qg7 34. Qxg7+ Kxg7 35. f4 Bxg5 36. fxg5 Rc8 37. Rc1 Kf7 38. Kf2 Rb8 39. c5 Ke6 40. c6 Kd6 41. c7 Rc8 42. Rd1+ Kxc7 43. Rd5 Kb6 44. Rxe5 Rc2+ 45. Kg3 Rxa2 46. Re7 Rc2 47. Rxh7 a4 48. Rg7 Rc6 49. Rd7 a3 50. Rd1 Kb5 51. h4 Kb4 52. Kf4 Kb3 53. h5 gxh5 54. Kxf5 a2 55. Kxe4 Kb2 56. Kf5 Rc1 57. Rd2+ Rc2 58. Rd1 Rxg2 59. e4 h4 60. e5 h3 61. e6 h2 62. e7 Re2 63. Rd2+ Rxd2 64. e8Q h1Q 0-1

[Event "MNT-chT1"]
[Site "Cetinje"]
[Date "2013.09.06"]
[Round "4"]
[White "Vukcevic, Nemanja"]
[Black "Abramovic, Dragoljub"]
[Result "0-1"]
[WhiteElo "2131"]
[BlackElo "2083"]
[PlyCount "120"]
[EventDate "2013.08.30"]
[EventType "team-tourn"]
[EventRounds "9"]
[EventCountry "MNE"]
[SourceTitle "CBM 156 Extra"]
[Source "ChessBase"]
[SourceDate "2013.10.22"]
[SourceVersion "1"]
[SourceVersionDate "2013.10.22"]
[SourceQuality "1"]

1. e4 d5 2. exd5 Qxd5 3. Nc3 Qd6 4. d4 c6 5. g3 Nf6 6. Bg2 Bg4 7. Nf3 e6 8. h3 Bxf3 9. Bxf3 Qc7 10. 0-0 Bd6 11. Kg2 Nbd7 12. Ne4 Nxe4 13. Bxe4 Nf6 14. Bd3 Rd8 15. Qf3 0-0 16. h4 Rfe8 17. Bg5 Be7 18. Rad1 Rd7 19. c3 Qd8 20. Rfe1 Nd5 21. Bc1 b5 22. Qe4 g6 23. h5 Kg7 24. Rh1 Bg5 25. f4 f5 26. Qf3 Bf6 27. g4 Qb8 28. g5 Be7 29. Rh4 Rg8 30. Rdh1 Kf7 31. hxg6+ hxg6 32. Rh7+ Rg7 33. Rxg7+ Kxg7 34. Qh3 Qg8 35. Qf3 Kf7 36. Re1 Bd6 37. Bd2 Re7 38. b3 Qb8 39. Kg3 Rb7 40. Rh1 Kg8 41. c4 bxc4 42. bxc4 Rb2 43. cxd5 Rxd2 44. Rf1 Bxf4+ 45. Qxf4 Rxd3+ 46. Kg2 Qxf4 47. Rxf4 cxd5 48. Kf2 Rd2+ 49. Ke3 Rxa2 50. Rf1 Kf7 51. Rb1 Rg2 52. Rb7+ Ke8 53. Kf4 Re2 54. Rg7 Re4+ 55. Kf3 Rxd4 56. Rxg6 Kf7 57. Rf6+ Ke7 58. Rh6 Rg4 59. Rh7+ Kd6 60. Rg7 Ke5 0-1

[Event "Cetinje Batricevic Memorial op"]
[Site "Cetinje"]
[Date "2012.10.20"]
[Round "1"]
[White "Vukcevic, Nemanja"]
[Black "Stojanovic, Dalibor"]
[Result "0-1"]
[WhiteElo "2078"]
[BlackElo "2488"]
[PlyCount "108"]
[EventDate "2012.10.20"]
[EventType "swiss"]
[EventRounds "9"]
[EventCountry "MNE"]
[SourceTitle "EXT 2013"]
[Source "ChessBase"]
[SourceDate "2012.11.22"]
[SourceVersion "1"]
[SourceVersionDate "2012.11.22"]
[SourceQuality "1"]

1. e4 c5 2. Nf3 Nc6 3. d4 cxd4 4. Nxd4 Nf6 5. Nc3 d6 6. Bg5 Qb6 7. Nb3 e6 8. Qd2 Be7 9. 0-0-0 0-0 10. f3 Rd8 11. Qe1 a6 12. g4 Qc7 13. h4 b5 14. Be3 Ne5 15. g5 Nfd7 16. Nd4 b4 17. Nce2 Nc4 18. Ng3 Nxe3 19. Qxe3 Qc5 20. Qb3 Nf8 21. f4 d5 22. exd5 Bb7 23. Bg2 Bxd5 24. Bxd5 Rxd5 25. Nde2 Rad8 26. Rxd5 Rxd5 27. Rd1 Rxd1+ 28. Kxd1 Qf2 29. h5 e5 30. fxe5 a5 31. Qd5 Bxg5 32. Qe4 h6 33. c3 bxc3 34. bxc3 Qb6 35. Kc2 Qe6 36. c4 Nd7 37. Qd5 Qxd5 38. cxd5 Nxe5 39. Kc3 Bf6 40. Ne4 Nd7+ 41. Kc4 g6 42. d6 gxh5 43. Kd5 Bd8 44. Kc6 Ne5+ 45. Kb7 f5 46. Nc5 Kf7 47. Kc8 Bg5 48. d7 Nc6 49. Kc7 Nd8 50. Kd6 Be7+ 51. Kc7 h4 52. Nf4 h5 53. a4 Bf6 54. Nxh5 Bg5 0-1

[Event "MNT-chTA"]
[Site "Cetinje"]
[Date "2012.10.05"]
[Round "7"]
[White "Vukcevic, Nemanja"]
[Black "Abramovic, Dragoljub"]
[Result "1-0"]
[WhiteElo "2078"]
[BlackElo "2069"]
[PlyCount "89"]
[EventDate "2012.09.07"]
[EventType "team-tourn"]
[EventRounds "9"]
[EventCountry "MNE"]
[SourceTitle "CBM 150 Extra"]
[Source "ChessBase"]
[SourceDate "2012.10.19"]
[SourceVersion "1"]
[SourceVersionDate "2012.10.19"]
[SourceQuality "1"]

1. e4 d5 2. exd5 Qxd5 3. Nc3 Qd8 4. d4 c6 5. Nf3 Nf6 6. Bc4 Bf5 7. Ne5 e6 8. g4 Bg6 9. h4 Nbd7 10. Qe2 Bb4 11. f3 Qa5 12. Bd2 Nxe5 13. dxe5 Nd7 14. 0-0-0 h6 15. h5 Bh7 16. f4 0-0-0 17. a3 Bxc3 18. Bxc3 Qc7 19. Rd4 Nb6 20. Rhd1 Nxc4 21. Qxc4 Rxd4 22. Rxd4 Rd8 23. Bb4 Rxd4 24. Qxd4 b6 25. Bd6 Qd8 26. Qc4 Kb7 27. b4 a6 28. Kb2 Qe8 29. a4 f6 30. a5 c5 31. axb6 Qb5 32. Qxb5 axb5 33. bxc5 Be4 34. Kc3 Bf3 35. Kb4 Bxg4 36. Kxb5 Bf3 37. Bf8 fxe5 38. fxe5 Bc6+ 39. Ka5 Be8 40. Bxg7 Bxh5 41. c6+ Kxc6 42. Ka6 Bf3 43. Ka7 Kc5 44. Bxh6 Kd4 45. Bg7 1-0

[Event "MNT-chTA"]
[Site "Cetinje"]
[Date "2012.09.08"]
[Round "2"]
[White "Misailovic, Nebojsa"]
[Black "Vukcevic, Nemanja"]
[Result "0-1"]
[WhiteElo "2313"]
[BlackElo "2078"]
[PlyCount "90"]
[EventDate "2012.09.07"]
[EventType "team-tourn"]
[EventRounds "9"]
[EventCountry "MNE"]
[SourceTitle "CBM 150 Extra"]
[Source "ChessBase"]
[SourceDate "2012.10.19"]
[SourceVersion "1"]
[SourceVersionDate "2012.10.19"]
[SourceQuality "1"]

1. e4 c5 2. Nc3 d6 3. g3 Nc6 4. Bg2 g6 5. d3 Bg7 6. Be3 Nd4 7. Qd2 Qa5 8. f4 e6 9. Nf3 Ne7 10. 0-0 Nec6 11. Rae1 0-0 12. f5 Nxf3+ 13. Bxf3 exf5 14. Bh6 Nd4 15. Bg2 Be6 16. Bxg7 Kxg7 17. exf5 Nxf5 18. Qf4 Qd8 19. Ne4 Bd5 20. Nxd6 Qxd6 21. Qxd6 Nxd6 22. Bxd5 Rfe8 23. a3 Rac8 24. Kf2 f5 25. Rxe8 Rxe8 26. b4 b6 27. bxc5 bxc5 28. Rb1 Kf6 29. Bf3 g5 30. a4 f4 31. gxf4 gxf4 32. Bc6 Rc8 33. Bd7 Rd8 34. Bg4 Ke5 35. Re1+ Kd4 36. Re7 Kc3 37. Rxh7 Kxc2 38. Rxa7 Kxd3 39. Rd7 Rxd7 40. Bxd7 c4 41. a5 c3 42. Ba4 Ne4+ 43. Kf3 Nc5 44. Be8 Kd2 45. a6 c2 0-1